000 00553nam a2200169Ia 4500
008 140529s9999 xx 000 0 und d
020 _a9789712358470
050 _aJQ 1431
_b.L459 2011
100 _aLazo, Ricardo S.
245 _aPrinciples and practices of public administration in the Philippines /
_cRicardo S. Lazo.
260 _aManila, Philippines :
_bRex Book Store, Inc.,
_cc2011.
300 _a224 p. ;
_c26 cm.
500 _aIncludes bibliographical references and index.
521 _aGE
942 _kLOC
_cBK
999 _c117797
_d117797